[Event "Yerevan ol (Women)"]
[Site "Yerevan"]
[Date "1996.??.??"]
[Round "13"]
[White "Garcia, Nieves"]
[Black "Hoang Than Trang"]
[Result "1/2-1/2"]
[WhiteElo "2275"]
[BlackElo "2360"]

1.d4 f5 2.c4 Nf6 3.g3 g6 4.Bg2 Bg7 5.Nf3 O-O 6.O-O d6 7.Nc3 Qe8 8.d5 a5 9.Ne1 Na6
10.Nd3 Bd7 11.Re1 Qf7 12.Nf4 Nc5 13.Be3 Nfe4 14.Nxe4 Nxe4 15.Qc2 g5 16.Ne6 Bxe6
17.dxe6 Qxe6 18.Bxg5 Qe5 19.Be3 Qxb2 20.Bxe4 fxe4 21.Qxe4 Bf6 22.Bh6 Rfb8
23.a4 Qd4 24.Qe6+ Kh8 25.Rab1 b6 26.Rec1 Rg8 27.Rb5 Qg4 28.Qxg4 Rxg4 29.f3 Rgg8
30.Be3 Raf8 31.Rcb1  1/2-1/2

[Event "Yerevan ol (Men)"]
[Site "Yerevan"]
[Date "1996.??.??"]
[Round "13"]
[White "Georgiev, Kiril"]
[Black "Malaniuk, Vladimir P"]
[Result "0-1"]
[WhiteElo "2620"]
[BlackElo "2610"]

1.d4 f5 2.g3 Nf6 3.Bg2 g6 4.c4 Bg7 5.Nf3 O-O 6.O-O d6 7.Nc3 c6 8.b3 Qa5 9.Bb2 e5
10.Qd2 Qc7 11.d5 c5 12.Ng5 Na6 13.Ne6 Bxe6 14.dxe6 Rae8 15.Nb5 Qb6 16.Qxd6 e4
17.Rfd1 Rxe6 18.Qxb6 axb6 19.a3 Nb8 20.Rab1 Nc6 21.Bc1 Rd8 22.Rxd8+ Nxd8
23.Bf4 Nc6 24.f3 Nd4 25.Nxd4 cxd4 26.fxe4 Nxe4 27.Kf1 h5 28.Rd1 Kh7 29.Bf3 Bf6
30.h4 Kg7 31.Kg2 Nc3 32.Re1 d3 33.Kf1 Nxe2 34.Bc7 Re7 35.Bb8 Re3 36.Kg2 d2
37.Rd1 Nd4 38.Bxb7 Nxb3 39.Bf4 Re1 40.Bf3 Bc3 41.Kf2 Bd4+ 42.Kg2 Kh7 43.a4 Bc3
44.Kf2 Nd4 45.Rxd2 Bxd2 46.Bxd2 Ra1 47.Bd5 Nb3 48.Bf4 Nc5 49.Bc7 Nxa4 50.Ke3 Rb1
51.Bc6 Nc5 52.Kd2 Ne6 53.Be5 Rb3 54.Bc3 Nc5 55.Kc2 Ra3 56.Be5 Ne4 57.Bd5 Rxg3
58.Bxg3 Nxg3 59.Kd3 g5 60.hxg5 Kg6 61.Ke3 Kxg5  0-1

[Event "Yerevan ol (Women)"]
[Site "Yerevan"]
[Date "1996.??.??"]
[Round "13"]
[White "Botsari Miladinovic, Anna Maria"]
[Black "Laesson, Tuulikki"]
[Result "1-0"]
[WhiteElo "2335"]
[BlackElo "2290"]

1.d4 f5 2.g3 Nf6 3.Bg2 g6 4.Nf3 Bg7 5.O-O O-O 6.c4 d6 7.Nc3 Qe8 8.d5 a5 9.Ne1 Na6
10.Nd3 Bd7 11.Re1 Rb8 12.e4 e5 13.dxe6 Qxe6 14.e5 Ne4 15.Nxe4 fxe4 16.Bxe4 c6
17.Nf4 Qxc4 18.Qxd6 Nc5 19.Bg2 Bf5 20.b3 Qc3 21.Bd2 Qc2 22.Bxa5 b6 23.Re2 Nb7
24.Qa3 Qc5 25.Qxc5 Nxc5 26.Bc3 Rbc8 27.h4 Rfe8 28.Ree1 Nd7 29.Re3 b5 30.a4 b4
31.Bxb4 Rxe5 32.Rc1 Rb8 33.Bd6 Rxe3 34.fxe3 Rxb3 35.Bxc6 Nf6 36.Nd5 Be6 37.Nxf6+ Bxf6
38.Bf4 Ra3 39.Bb5 Bc3 40.Rd1 Kf7 41.Bd6 Ra2 42.Rf1+ Kg8 43.Rf8+ Kg7 44.Rf2 Ra1+
45.Rf1  1-0

[Event "RUS-Cup4"]
[Site "Perm"]
[Date "1997.02.16"]
[Round "9"]
[White "Irzhanov, Ruslan"]
[Black "Lastin, Alexander"]
[Result "0-1"]
[WhiteElo "2550"]
[BlackElo "2535"]

1.Nf3 f5 2.d4 Nf6 3.g3 g6 4.Bg2 Bg7 5.O-O O-O 6.c4 d6 7.Nc3 Nc6 8.d5 Na5
9.Nd2 c5 10.Qc2 e5 11.dxe6 Bxe6 12.Nd5 Nc6 13.Nb3 Nxd5 14.cxd5 Nb4 15.Qd1 Bf7
16.a3 Na6 17.Rb1 Rc8 18.Be3 Nb8 19.Qd2 b6 20.Nc1 Nd7 21.Na2 Ne5 22.b3 b5
23.h3 Re8 24.Rfc1 a5 25.Nc3 Rb8 26.a4 bxa4 27.Nxa4 Rb4 28.Qc2 Nd7 29.Bd2 Rb7
30.Bc3 Bxc3 31.Nxc3 Qf6 32.Ra1 Reb8 33.Rcb1 c4 34.Ra3 Qd4 35.bxc4 Rxb1+ 36.Nxb1 Rb2
37.Qc1 Rxe2 38.Re3 Rxe3 39.fxe3 Qa1 40.Bf3 a4 41.Kf2 Nc5 42.Qc2 Na6 43.Nc3 a3
44.Ke2 Qg1 45.Qb3 Qh2+ 46.Kf1 Qxg3 47.Bg2 Nc5 48.Qxa3 Qxe3 49.Qa8+ Kg7 50.Ne2 Nd3
51.Qa1+ Kf8 52.Qh8+ Ke7 53.Qd4 Qxd4 54.Nxd4 Ne5  0-1

[Event "St Petersburg-ch"]
[Site "St Petersburg"]
[Date "1997.03.14"]
[Round "9"]
[White "Lugovoi, Aleksei"]
[Black "Popov, Valerij"]
[Result "1-0"]
[WhiteElo "2510"]
[BlackElo "2430"]

1.d4 f5 2.g3 Nf6 3.Bg2 g6 4.Nf3 Bg7 5.O-O O-O 6.c4 d6 7.Nc3 h6 8.d5 c5 9.Re1 Na6
10.Qc2 g5 11.a3 Qe8 12.h4 g4 13.Nh2 Nh5 14.e3 Bd7 15.Rb1 Be5 16.Nf1 Qf7 17.b3 Rfc8
18.Bd2 Nc7 19.Qd3 a5 20.Na4 Ra6 21.Bc3 Qf6 22.Bxe5 Qxe5 23.Nc3 Raa8 24.Nd2 Kg7
25.Ne2 Rf8 26.Qc2 Kh8 27.Nc1 Qg7 28.Nd3 b5 29.cxb5 Nxb5 30.Nc4 Qc3 31.Qe2 Qg7
32.Rbc1 Rfb8 33.Qc2 Nc7 34.a4 Na6 35.Nxa5 Nb4 36.Nxb4 Rxb4 37.Nc6 Rb6 38.a5 Rb7
39.Qc4 Nf6 40.Ra1 Qf7 41.e4 fxe4 42.Bxe4 Rf8 43.Bg2 Nxd5 44.Qxd5 Qxf2+ 45.Kh1 Qxg3
46.Rf1 Qxh4+ 47.Kg1 Re8 48.Ne5 dxe5 49.Qxe5+ Kg8 50.Bxb7 g3  1-0

[Event "RUS-ch m1-2"]
[Site "Elista"]
[Date "1997.05.29"]
[Round "4.2"]
[White "Yakovich, Yuri"]
[Black "Lastin, Alexander"]
[Result "1/2-1/2"]
[WhiteElo "2575"]
[BlackElo "2535"]

1.d4 f5 2.g3 Nf6 3.Bg2 g6 4.Nf3 Bg7 5.O-O O-O 6.c4 d6 7.Nc3 Qe8 8.d5 a5 9.Be3 Na6
10.Qc1 e5 11.dxe6 Bxe6 12.Nd4 c6 13.b3 Ng4 14.Nxe6 Qxe6 15.Bf4 Qf6 16.Bd2 Nc5
17.Qc2 h5 18.h3 Nh6 19.h4 Ne6 20.Rad1 Ng4 21.e3 g5 22.f3 Nh6 23.hxg5 Qxg5
24.Ne2 h4 25.gxh4 Qxh4 26.Be1 Qe7 27.Bg3 Be5 28.Kf2 Rae8 29.Rh1 Bxg3+ 30.Nxg3 Ng7
31.Qc3 Qg5 32.Ne2 f4 33.e4 Nhf5 34.exf5 Rxe2+ 35.Kxe2 Qxg2+ 36.Kd3 Re8 37.Rhe1 Qxf3+
38.Kc2 Re3 39.Rxe3 fxe3 40.f6 Nf5 41.Re1 Nd4+ 42.Qxd4 Qf2+ 43.Kd3 Qxe1 44.Qg4+ Kf7
45.Qd7+ Kxf6 46.Qxd6+ Kf7 47.Qf4+ Ke6  1/2-1/2

[Event "Shavuot Masters"]
[Site "Tel Aviv"]
[Date "1997.06.12"]
[Round "4"]
[White "Royz, Michael"]
[Black "Grinshpun, Eduard"]
[Result "1/2-1/2"]
[WhiteElo "2175"]
[BlackElo "2370"]

1.Nf3 f5 2.d4 Nf6 3.c4 g6 4.g3 Bg7 5.Bg2 O-O 6.O-O d6 7.Nc3 Nc6 8.b3 Ne4
9.Bb2 Nxc3 10.Bxc3 e5 11.dxe5 Qe8 12.Qc2 dxe5 13.Qb2 Qe7 14.Rad1 a5 15.Ne1  1/2-1/2

[Event "RUS-Cup9"]
[Site "Novgorod"]
[Date "1997.06.13"]
[Round "3"]
[White "Bratchenko, Alexander"]
[Black "Marusenko, Petr"]
[Result "1/2-1/2"]
[WhiteElo "2390"]
[BlackElo "2285"]

1.d4 f5 2.g3 Nf6 3.Bg2 g6 4.Nf3 Bg7 5.O-O O-O 6.c4 d6 7.Nc3 Nc6 8.b3 e5 9.d5 Ne7
10.Ng5 e4 11.Rb1 h6 12.Nh3 g5 13.f3 exf3 14.exf3 f4 15.gxf4 Nh5 16.Ne4 Nxf4
17.Nxf4 gxf4 18.Kh1 Ng6 19.Rg1 Kh7 20.Bf1 Bf5 21.Bd3 Bd4 22.Rg2 Nh4 23.Bb2 Bxb2
24.Rgxb2 Qe7 25.Qf1 Qf7 26.Rf2 Rae8 27.Re1 Re5 28.Qe2 Rg8 29.Qd2 Bg6 30.a4 Kh8
31.Bc2 Rge8 32.Ref1 Rf8 33.Qd4 Nf5 34.Qxa7 Ne3 35.Re1 b6 36.a5 Rg8 37.axb6 Nxc2
38.Rxc2 Bh5 39.Rf2 Qg7 40.Qa2 Bxf3+ 41.Rxf3 Rxe4 42.Ref1 cxb6 43.Qf2 b5 44.cxb5 Qg5
45.Qd2 Rg7 46.R3f2 Qe5 47.Rxf4 Rxf4 48.Qxf4 Qxd5+ 49.Qf3 Qxb5 50.Qf8+ Kh7
51.Qf5+ Qxf5 52.Rxf5 Rc7 53.b4 Rc2 54.b5 Rb2 55.Kg1 Kg6 56.Rd5 Kf7 57.h3 Ke6
58.Rh5 Kd7 59.h4 Ke7 60.Kf1 Kf7 61.Ke1 Kg6 62.Rd5 Kf7 63.Kd1 Rb4 64.Kc2 Rxh4
65.Rxd6 Ke7 66.Rc6 Kd7 67.Kb3 h5 68.Rc5 Kd6 69.Rc1 Re4 70.b6 Kd7 71.Rc7+ Kd8
72.Rh7 Kc8  1/2-1/2

[Event "RUS-Cup9"]
[Site "Novgorod"]
[Date "1997.06.22"]
[Round "9"]
[White "Iskusnyh, Sergei"]
[Black "Marusenko, Petr"]
[Result "1/2-1/2"]
[WhiteElo "2440"]
[BlackElo "2285"]

1.Nf3 f5 2.g3 Nf6 3.Bg2 g6 4.d4 Bg7 5.c4 O-O 6.O-O d6 7.Nc3 Nc6 8.d5 Na5
9.Qd3 c5 10.b3 a6 11.Bb2 Rb8 12.Rab1  1/2-1/2

[Event "Politiken Cup"]
[Site "Copenhagen"]
[Date "1997.07.10"]
[Round "6"]
[White "Mulligan, Stephen"]
[Black "Rasmussen, Per Arnt"]
[Result "1-0"]
[WhiteElo "2220"]
[BlackElo "2075"]

1.d4 f5 2.Nf3 Nf6 3.g3 g6 4.Bg2 Bg7 5.O-O O-O 6.c4 d6 7.Nc3 Qe8 8.d5 Na6
9.Nd4 Bd7 10.Re1 c6 11.Rb1 Rc8 12.Bg5 Qf7 13.Qd2 Nc5 14.Bxf6 Qxf6 15.e3 e5
16.dxe6 Nxe6 17.Nf3 Nc5 18.Nd4 Rcd8 19.Red1 h6 20.b4 Ne6 21.Nce2 Bc8 22.b5 Nxd4
23.Nxd4 c5 24.Ne2 b6 25.Rb3 Be6 26.Bd5 Bxd5 27.Qxd5+ Kh7 28.Nf4 Rfe8 29.Ra3 Qe7
30.Qc6 Rc8 31.Qxd6 Rcd8 32.Qxg6+ Kg8 33.Rxd8 Rxd8 34.Nd5 Rxd5 35.cxd5 c4
36.Qe6+ Qxe6 37.dxe6 c3 38.Ra4 Be5 39.Rc4 Kf8 40.Kf1 Ke7 41.Ke2 Kxe6 42.Kd3 Kd5
43.f3  1-0

[Event "Politiken Cup"]
[Site "Copenhagen"]
[Date "1997.07.14"]
[Round "9"]
[White "Einarsson, Bergsteinn"]
[Black "Thuesen, Mogens"]
[Result "1-0"]
[WhiteElo "2195"]
[BlackElo "2235"]

1.d4 f5 2.c4 Nf6 3.Nf3 g6 4.g3 Bg7 5.Bg2 O-O 6.O-O d6 7.Nc3 c6 8.Qc2 Qa5
9.a3 Qa6 10.b3 b5 11.cxb5 cxb5 12.Qd3 Bb7 13.Qxb5 Qxb5 14.Nxb5 Rc8 15.Bd2 Ne4
16.Rac1 Nc6 17.d5 Nd8 18.Be3 Bb2 19.Rxc8 Rxc8 20.Nxa7 Rc3 21.Nd4 Bxd5 22.Rb1 e5
23.Rxb2 exd4 24.Bxd4 Rc1+ 25.Bf1 Ng5 26.f3 Bxf3 27.h4 Bg4 28.hxg5 Bh3 29.Be3 Rxf1+
30.Kh2 Bg4 31.Kg2 Ra1 32.a4 Ne6 33.Nc8 f4 34.gxf4 Nxg5 35.Nxd6 Ne6 36.Nc4 Bf5
37.Nd6 Bg4 38.Nc4 Nc7 39.a5 Nd5 40.Kf2 Be6 41.Bb6 Nxf4 42.Nd6 Bd5 43.Ke3 Ng2+
44.Kd4 Ba8 45.b4 Ra4 46.Kc5 Ne3 47.Kb5 Ra3 48.Bd4  1-0

[Event "Politiken Cup"]
[Site "Copenhagen"]
[Date "1997.07.15"]
[Round "10"]
[White "Mulligan, Stephen"]
[Black "Preuss, Flemming"]
[Result "1-0"]
[WhiteElo "2220"]
[BlackElo "2085"]

1.d4 f5 2.Nf3 Nf6 3.g3 g6 4.Bg2 Bg7 5.O-O O-O 6.c4 d6 7.Nc3 Nc6 8.d5 Ne5
9.Nxe5 dxe5 10.e4 f4 11.gxf4 exf4 12.e5 Ng4 13.e6 Ne5 14.Re1 Nxc4 15.Re4 Nd6
16.Rxf4 c6 17.Bh3 Rb8 18.Be3 cxd5 19.Nxd5 b6 20.Rxf8+ Qxf8 21.Bf4 Bxb2 22.Bxd6 exd6
23.Qb3 Qg7 24.Rb1 Be5 25.e7 Bxh3 26.Qxh3 Qf7 27.Rc1 Re8 28.Rc8 Bxh2+ 29.Kf1 Qxd5
30.Rxe8+ Kf7 31.Rc8 Qd1+ 32.Kg2 Qg1+ 33.Kf3 Kxe7 34.Rc7+ Kf6 35.Qh4+ g5 36.Qh6+ Ke5
37.Qg7+ Kf5 38.Qxh7+ Kf6 39.Qe7+ Kf5 40.Qe4+ Kf6 41.Qe7+ Kf5 42.Qf7+ Ke5
43.Re7+ Kd4 44.Re4+  1-0

[Event "Komercni Banka op"]
[Site "Pardubice"]
[Date "1997.07.17"]
[Round "1"]
[White "Kragelj, Igor"]
[Black "Potapov, Alexander"]
[Result "0-1"]
[WhiteElo "2285"]
[BlackElo "2490"]

1.d4 f5 2.g3 Nf6 3.Bg2 g6 4.Nf3 Bg7 5.O-O O-O 6.c4 d6 7.Nc3 Qe8 8.d5 a5 9.Ne1 Na6
10.Nd3 c6 11.e4 fxe4 12.Nxe4 Nxe4 13.Bxe4 Bd7 14.Be3 c5 15.Rb1 b5 16.cxb5 Bxb5
17.Re1 Nc7 18.Nf4 Rb8 19.h4 Bd7 20.Qc2 Bf5 21.Bd2 a4 22.Bc3 Bh6 23.Ng2 Qf7
24.Bxf5 Qxf5 25.Qxf5 Rxf5 26.g4 Rf3 27.Rbd1 a3 28.Ba5 Rxb2 29.Bxc7 Rfxf2
30.Ne3 Bxe3 31.Rxe3 Rg2+ 32.Kh1 Rh2+ 33.Kg1 Rbg2+ 34.Kf1 Rxa2 35.Rg3 Rh1+
36.Rg1 Rxg1+ 37.Kxg1 Rb2 38.Ba5 a2 39.Bc3 Rb1 40.Rf1 Rb3 41.Ba1 Rg3+ 42.Kh2 Rxg4
43.Kh3 Ra4 44.Rf2 Ra3+ 45.Kg4 Rd3 46.Rxa2 Rxd5 47.Ra4 h5+ 48.Kg3 Kf7 49.Kf3 Rd3+
50.Ke4 Rd1 51.Bb2 Ke6 52.Ke3 Kd5 53.Ke2 Rg1 54.Bc3 Rg4 55.Ra7 Rxh4 56.Rxe7 Re4+  0-1

[Event "Komercni Banka op"]
[Site "Pardubice"]
[Date "1997.07.21"]
[Round "5"]
[White "Tolstikh, Nikolay"]
[Black "Rychagov, Andrei"]
[Result "1/2-1/2"]
[WhiteElo "2405"]
[BlackElo "2495"]

1.Nf3 f5 2.g3 Nf6 3.Bg2 g6 4.O-O Bg7 5.d4 O-O 6.c4 d6 7.Nc3 Qe8 8.Re1 Nc6
9.d5 Ne5 10.Nb5 Qd8 11.Nbd4 h6 12.b3 Ne4 13.Bb2 Ng4 14.Rf1 e5 15.Nb5 f4 16.Nd2 fxg3
17.fxg3 Nef2 18.Qe1 c6 19.dxc6 Qb6 20.e3 bxc6 21.Qe2 Nxe3 22.Rxf2 Bg4 23.c5 Qxc5
24.Ba3 Qb6 25.Nc4 Nxc4 26.Qxc4+ Kh7 27.Rf1 Rxf2 28.Rxf2 Rf8 29.Nd4 Rxf2 30.Kxf2 d5
31.Bc5 dxc4 32.Bxb6 exd4 33.Bxa7 c3 34.Be4 Bd1 35.Ke1 c2 36.Kd2 h5 37.Bxc2 Bf3
38.Bd3 Be5 39.a4 Bd5 40.Ke2 Bd6 41.a5 c5 42.Bb6 Kg7 43.a6 Bc6 44.Kd2 Kf7
45.Bd8 Bb8 46.Bg5 Bf3 47.Bf4 Ba7 48.h4 Kf6 49.Bc7 Bd5 50.Kc2 Be6 51.Bd8+ Kg7
52.Kb2 Bd5 53.Bc7 Kf6 54.Ka3 Bf7 55.Ka4 Ke7 56.Bf4 Kd7 57.Bb5+ Kc8 58.Bc4 Bxc4
59.bxc4 Bb8 60.Bg5 Bxg3 61.Be7 Kc7 62.Kb3 Kb6 63.Bxc5+ Kxa6 64.Be7 Kb6 65.Kc2 Kc6
66.Kd3 Kd7 67.Bg5 Bf2 68.Ke4 Ke6 69.Kf3 Be1 70.Ke4 Bf2  1/2-1/2

[Event "Budapest FS08 IM"]
[Site "Budapest"]
[Date "1997.08.08"]
[Round "7"]
[White "Schneider, Attila"]
[Black "Philippe, Christophe"]
[Result "1-0"]
[WhiteElo "2405"]
[BlackElo "2235"]

1.Nf3 f5 2.d4 Nf6 3.g3 g6 4.Bg2 Bg7 5.O-O O-O 6.c4 d6 7.Nc3 Qe8 8.d5 a5 9.Nd4 Na6
10.b3 Bd7 11.Bb2 c6 12.Na4 Rb8 13.Nb6 Ne4 14.Rb1 Nc7 15.Qc2 c5 16.Nf3 Bxb2
17.Qxb2 Na8 18.Nxd7 Qxd7 19.Nd2 Nxd2 20.Qxd2 b5 21.cxb5 Qxb5 22.e4 fxe4 23.Rbe1 Nc7
24.Rxe4 Rf7 25.Rfe1 Re8 26.h4 Qb7 27.Qxa5 Nxd5 28.Ra4 e6 29.Qd2 Rf5 30.Rae4 Qf7
31.Bh3 e5 32.Bxf5 gxf5 33.Ra4 Nb6 34.Ra6 Nc8 35.Rxd6 Nxd6 36.Qxd6 Qe7 37.Qxe7 Rxe7
38.Rc1 Rc7 39.Rc4 Kf7 40.b4 Ke6 41.Rxc5 Rxc5 42.bxc5  1-0

[Event "FRA-ch"]
[Site "Narbonne"]
[Date "1997.08.17"]
[Round "3"]
[White "Relange, Eloi"]
[Black "Santo Roman, Marc"]
[Result "1/2-1/2"]
[WhiteElo "2505"]
[BlackElo "2385"]

1.d4 f5 2.Nf3 Nf6 3.g3 g6 4.Bg2 Bg7 5.O-O O-O 6.c4 d6 7.Nc3 Qe8 8.d5 a5 9.Be3 Na6
10.Qc1 Ng4 11.Bf4 Nc5 12.h3 e5 13.dxe6 Ne5 14.Nd5 Nxe6 15.Bh6 Qf7 16.Rd1 Bd7
17.Ng5 Bxh6 18.Nxf7 Bxc1 19.Nxe5 dxe5 20.Raxc1  1/2-1/2

[Event "FRA-ch"]
[Site "Narbonne"]
[Date "1997.08.27"]
[Round "12"]
[White "Chabanon, Jean Luc"]
[Black "Santo Roman, Marc"]
[Result "1-0"]
[WhiteElo "2455"]
[BlackElo "2385"]

1.d4 f5 2.Nf3 Nf6 3.g3 g6 4.Bg2 Bg7 5.O-O O-O 6.c4 d6 7.Nc3 Qe8 8.d5 a5 9.Ne1 Na6
10.Nd3 Rb8 11.Rb1 e5 12.dxe6 Bxe6 13.b3 Ng4 14.Bd2 Ne5 15.Nf4 Bd7 16.Nfd5 b6
17.Be3 Kh8 18.h3 Rc8 19.f4 Nc6 20.Bf2 Ncb4 21.Bd4 Qf7 22.a3 Nc6 23.Bf2 Ne7
24.Nxe7 Qxe7 25.Nd5 Qf7 26.b4 axb4 27.axb4 b5 28.Qd3 bxc4 29.Qxc4 Be6 30.Rfd1 Nb8
31.b5 Nd7 32.Qb4 Bxd5 33.Bxd5 Qe7 34.e4 Nf6 35.exf5 Nxd5 36.Rxd5 gxf5 37.b6 cxb6
38.Qxd6 Qf7 39.Rd2 Rc7 40.Qxb6 Re8 41.Rbd1 Rce7 42.Qc5 Qg6 43.Rd6 Re6 44.Rxe6 Qxe6
45.Re1 Qf7 46.Rxe8+ Qxe8 47.Qxf5 Qc6 48.g4 Kg8 49.g5 Bc3 50.Qd3 Bg7 51.Kh2 Bc3
52.h4 Ba5 53.Qb3+ Kg7 54.Bd4+ Kg6 55.Qd3+ Kh5 56.Qe2+ Kg6 57.h5+ Kf5 58.Kg3 Qd5
59.Qe5+ Qxe5 60.Bxe5 Bd8 61.g6  1-0

[Event "Budapest FS10 IM-B"]
[Site "Budapest"]
[Date "1997.10.08"]
[Round "4"]
[White "Schmidt, Jan Peter"]
[Black "Bersutzki, Gregory"]
[Result "1-0"]
[WhiteElo "2260"]
[BlackElo "2150"]

1.Nf3 f5 2.g3 Nf6 3.Bg2 g6 4.O-O Bg7 5.d4 O-O 6.c4 d6 7.Nc3 c6 8.b3 a5 9.Bb2 Na6
10.Qc2 Rb8 11.d5 Bd7 12.Nd4 Rc8 13.a3 Qb6 14.Rfd1 Nc5 15.Rab1 cxd5 16.Nxd5 Nxd5
17.Bxd5+ e6 18.Bg2 e5 19.Nf3 f4 20.b4 axb4 21.axb4 Ne6 22.c5 Qc7 23.Qd3 fxg3
24.hxg3 e4 25.Qxe4 dxc5 26.Bh3 Nd4 27.Bxd7 Qxd7 28.bxc5 Nxf3+ 29.exf3 Qf5
30.Bxg7 Kxg7 31.Rxb7+ Rf7 32.Qxf5 gxf5 33.Rxf7+ Kxf7 34.Rc1 Rc6 35.Kf1 f4
36.g4 Kf6 37.Ke2 Ke5 38.Kd3 Kd5 39.Rc2 h6 40.Rc1 Ra6 41.c6 Ra3+ 42.Rc3 Ra8
43.c7 Rc8 44.Rc1 Ke5 45.Rc5+ Kd6 46.Kd4 Kd7 47.Kd5  1-0

[Event "Budapest FS10 IM-B"]
[Site "Budapest"]
[Date "1997.10.12"]
[Round "8"]
[White "Murzin, Lenar"]
[Black "Bersutzki, Gregory"]
[Result "1-0"]
[WhiteElo "2310"]
[BlackElo "2150"]

1.d4 f5 2.g3 Nf6 3.Bg2 g6 4.Nf3 Bg7 5.O-O O-O 6.c4 d6 7.Nc3 c6 8.b3 a5 9.Ba3 Na6
10.Rc1 Bd7 11.d5 c5 12.Bb2 Nc7 13.a4 h6 14.Qd2 Qe8 15.Rfe1 g5 16.h4 f4 17.hxg5 hxg5
18.Nxg5 fxg3 19.fxg3 Ng4 20.Nce4 Qh5 21.Nf3 Bxb2 22.Qxb2 Rf7 23.Qd2 Rg7 24.Nh4 Bf5
25.Qf4 Bxe4 26.Qxe4 Nf6 27.Qf3 Qe5 28.Nf5 Rg5 29.Rf1 Kf7 30.Qf4 Qxf4 31.Rxf4 Rh8
32.Rc3 Rhh5 33.Rcf3 Nce8 34.e4 Rh7 35.Kf2 Kf8 36.Ke2 Nxe4 37.Rxe4  1-0

[Event "Loures"]
[Site "Loures"]
[Date "1997.10.22"]
[Round "2"]
[White "Santos, Carlos P"]
[Black "Glavina, Pablo"]
[Result "1/2-1/2"]
[WhiteElo "2355"]
[BlackElo "2395"]

1.d4 f5 2.Nf3 Nf6 3.g3 g6 4.Bg2 Bg7 5.O-O O-O 6.c4 d6 7.Nc3 Na6 8.Rb1 c6
9.d5 e5 10.Ng5 e4 11.f3 h6 12.Nh3 Re8 13.fxe4 fxe4 14.Be3 Bf5 15.Nf2 c5  1/2-1/2

[Event "Budapest FS11 IM-B"]
[Site "Budapest"]
[Date "1997.11.02"]
[Round "1"]
[White "Izsak, Gyula"]
[Black "Dudas, Janos"]
[Result "1/2-1/2"]
[WhiteElo "2405"]
[BlackElo "2400"]

1.d4 f5 2.c4 Nf6 3.Nf3 g6 4.g3 Bg7 5.Bg2 O-O 6.O-O d6 7.Nc3 Qe8 8.d5 c6 9.Nd4 Bd7
10.b3 Na6 11.Bb2 Nc5 12.Qc2 a5  1/2-1/2

[Event "Bayern-chI Bank Hofmann"]
[Site "Bad Wiessee"]
[Date "1997.11.22"]
[Round "8"]
[White "Stuemer, Paul"]
[Black "Birkmann, Guenther"]
[Result "0-1"]
[WhiteElo "2185"]
[BlackElo "2040"]

1.Nf3 g6 2.g3 Bg7 3.d4 f5 4.Bg2 Nf6 5.O-O O-O 6.c4 d6 7.Nc3 Qe8 8.e4 fxe4
9.Ng5 Bg4 10.f3 exf3 11.Bxf3 Qd7 12.Bxg4 Qxg4 13.Qxg4 Nxg4 14.Rxf8+ Bxf8
15.Ne6 Na6 16.Bd2 c6 17.Rf1 Bh6 18.Bxh6 Nxh6 19.Ne4 Rc8 20.N4g5 Nc7 21.Rf3 Nf7
22.Re3 Nxg5 23.Nxg5 h6 24.Ne4 b5 25.b3 bxc4 26.bxc4 Rb8 27.Nd2 Kf8 28.Nb3 Rb4
29.c5 Nb5 30.cxd6 exd6 31.Rc3 Nxc3  0-1

[Event "Asker 75th"]
[Site "Asker"]
[Date "1997.11.23"]
[Round "2"]
[White "Akesson, Ralf"]
[Black "Kristensen, Bjarke"]
[Result "1/2-1/2"]
[WhiteElo "2520"]
[BlackElo "2430"]

1.Nf3 f5 2.g3 Nf6 3.Bg2 g6 4.O-O Bg7 5.d4 O-O 6.c4 d6 7.Nc3 Qe8 8.d5 a5 9.Nd4 Na6
10.b3 Bd7 11.Bb2 Nc5 12.e3 c6 13.Qe2 Rc8 14.Rac1 Qd8 15.Rfd1 Qb6 16.Ba1 Rce8
17.Qc2 Qc7 18.a3 e5 19.dxe6 Nxe6 20.Nxe6 Bxe6 21.Na4 Ra8 22.Bd4 Qf7 23.Qd2 Ne8
24.Bb6 g5 25.f4 gxf4 26.exf4 Ra6 27.Bd4 Nf6 28.Re1 Raa8 29.Rcd1 Rfe8 30.Nc3 Kh8
31.Bf3 Re7 32.Kg2 Rae8 33.h3 a4 34.Nxa4 b5 35.Nb2 Ne4 36.Bxg7+ Qxg7 37.Bxe4 fxe4
38.Qd4 d5 39.cxd5 Bxd5 40.Re3 Ra8 41.Qxg7+ Rxg7 42.b4 h5 43.Kf2 Rf7 44.h4 Rfa7
45.Ra1 Kg7 46.Rc3 Kf6 47.Ke3 Ke6 48.Kd4 Kd6 49.Re3 Ra6 50.Rc3 R6a7 51.Re3 Ra6
52.Rc3 R6a7  1/2-1/2

[Event "AUT-chT2S 9798"]
[Site "Austria"]
[Date "1997.12.07"]
[Round "6"]
[White "Tabernig, Bernhard"]
[Black "Beck, Hartmuth"]
[Result "1/2-1/2"]
[WhiteElo "2310"]
[BlackElo "2225"]

1.d4 g6 2.Nf3 Bg7 3.c4 f5 4.g3 Nf6 5.Bg2 O-O 6.O-O d6 7.b3 c6 8.Bb2 Qe8 9.Nbd2 Nbd7
10.Qc2 h6 11.Rae1 e5 12.e4 Nxe4 13.Nxe4 fxe4 14.Qxe4 Nf6 15.Qe3 e4 16.Nd2 d5
17.cxd5 cxd5 18.f3 exf3 19.Qxe8 Rxe8 20.Rxe8+ Nxe8 21.Nxf3 Be6 22.Ne5 Kh7
23.Rc1 Bf8 24.Nd3 Rd8 25.Nf4 Bf7 26.Bh3 Bd6 27.Ne6 Rb8 28.Rf1 Kg8 29.Nc5 Nc7
30.Nd7 Rd8 31.Ne5 Be8 32.Bc1 Kg7 33.a4 Na6 34.Bd2 Nc5 35.Ng4 h5 36.dxc5 hxg4
37.cxd6 gxh3 38.Bc3+ Kg8 39.Bb4 Bf7 40.Rf4 Be6 41.Kf2 a5 42.Rf6 Re8 43.Bxa5 Rf8
44.Bc3 Rxf6+ 45.Bxf6 Kf7 46.Bg5 Bf5 47.b4 Ke6 48.Be7 Bc2 49.a5 Ba4 50.Ke3  1/2-1/2

[Event "Ambasador op"]
[Site "Bern"]
[Date "1997.12.??"]
[Round "5"]
[White "Sutter, Oliver"]
[Black "Cruceli, Salvatore"]
[Result "1-0"]
[WhiteElo "2311"]
[BlackElo "2047"]

1.d4 f5 2.g3 Nf6 3.Bg2 g6 4.c4 Bg7 5.Nf3 O-O 6.O-O d6 7.Nc3 Qe8 8.d5 a5 9.Rb1 Na6
10.b3 h6 11.Bb2 g5 12.e3 f4 13.exf4 gxf4 14.Nh4 Ng4 15.Ne2 fxg3 16.hxg3 Bxb2
17.Rxb2 Qh5 18.Nd4 Bd7 19.Re1 Qg5 20.Ne6 Bxe6 21.Rxe6 Rf6 22.Rxf6 exf6 23.f4 Qh5
24.Bf3 f5 25.Re2 Qf7 26.Bxg4 fxg4 27.Re6 h5 28.Rg6+ Kh7 29.Qb1 Kh8 30.Qb2+ Kh7
31.Rf6 Qe7 32.Nf5  1-0

[Event "BEL-chT 9798"]
[Site "Antwerp"]
[Date "1997.??.??"]
[Round "5"]
[White "Becker, Dieter"]
[Black "Croonenborghs, Tom"]
[Result "0-1"]
[WhiteElo "2070"]
[BlackElo "2155"]

1.d4 f5 2.g3 Nf6 3.Bg2 g6 4.Nf3 Bg7 5.O-O O-O 6.c4 d6 7.Nc3 Nc6 8.d5 Na5
9.Qa4 c5 10.dxc6 Nxc6 11.Qc2 h6 12.Rd1 Qe8 13.Nb5 Qf7 14.Nfd4 a6 15.Nc7 Nxd4
16.Rxd4 Rb8 17.Nd5 Nxd5 18.Rxd5 Be6 19.Be3 b5 20.Rad1 Rfc8 21.Qd2 bxc4 22.Bxh6 Rxb2
23.Qe3 c3 24.Bxg7 Kxg7 25.R5d3 c2 26.Rc1 Qf6 27.Bd5 Bxd5 28.Rxd5 Rb1  0-1

[Event "NZD-ch"]
[Site "Auckland"]
[Date "1997.??.??"]
[Round "1"]
[White "Ker, Anthony F"]
[Black "Wastney, Scott"]
[Result "1/2-1/2"]
[WhiteElo "2315"]
[BlackElo "2100"]

1.d4 f5 2.g3 Nf6 3.Bg2 g6 4.Nf3 Bg7 5.O-O O-O 6.c4 d6 7.d5 Qe8 8.Nc3 Na6
9.Be3 h6 10.Qd2 Kh7 11.Rae1 e5 12.dxe6 Bxe6 13.Nd4 c6 14.Nxe6 Qxe6 15.b3 Nc5
16.Rd1 Rad8 17.Bxc5 dxc5 18.Qxd8 Rxd8 19.Rxd8 Ng4 20.Rd3 Bd4 21.Nb1 Qxe2
22.Rd2 Qe6 23.Bf3 Ne5 24.Bg2 Qf6 25.Rdd1 f4 26.Nd2 Qf5 27.Be4 Qh3 28.Bg2 Qf5
29.Be4 Qh3 30.Bg2 Qf5  1/2-1/2

[Event "AUT-chT9697"]
[Site "Austria"]
[Date "1997.??.??"]
[Round "7"]
[White "Thoma, Robert"]
[Black "Waggerl, Franz"]
[Result "1/2-1/2"]
[WhiteElo "2255"]
[BlackElo "2230"]

1.Nf3 f5 2.d4 Nf6 3.g3 g6 4.Bg2 Bg7 5.c4 O-O 6.O-O d6 7.Nc3 Nc6 8.d5 Ne5
9.Qc2 Nxf3+ 10.Bxf3 e5 11.dxe6 c6 12.Bf4 Qe7 13.Rad1 Rd8 14.e4 Bxe6 15.Rfe1 fxe4
16.Bxe4 Qf7 17.Bxd6 Bxc4  1/2-1/2

[Event "Barbera-A"]
[Site "Barbera"]
[Date "1997.??.??"]
[Round "9"]
[White "Campos, Jose Felix"]
[Black "Hernando Rodrigo, Jose Maria"]
[Result "1/2-1/2"]
[WhiteElo "2260"]
[BlackElo "2270"]

1.d4 f5 2.g3 Nf6 3.Bg2 g6 4.Nf3 Bg7 5.O-O O-O 6.c4 d6 7.Nc3 c6 8.d5 e5 9.dxe6 Bxe6
10.b3 Na6 11.Bb2 Qe7 12.Qc2 Nc5 13.Rad1  1/2-1/2

[Event "Regionalliga SW9697"]
[Site "Bayern"]
[Date "1997.??.??"]
[Round "?"]
[White "Mueller, Marcus"]
[Black "Geyer, Thomas"]
[Result "1/2-1/2"]
[WhiteElo "2105"]
[BlackElo "2175"]

1.Nf3 f5 2.d4 Nf6 3.c4 g6 4.g3 Bg7 5.Bg2 O-O 6.O-O d6 7.Nc3 Qe8 8.b3 c5 9.Bb2 cxd4
10.Nxd4 Nc6 11.Nd5 Nxd5 12.cxd5 Ne5 13.f4 Ng4 14.Qd2 Bd7 15.Rfe1 Nf6 16.e4 fxe4
17.Bxe4 Nxe4 18.Rxe4 Qf7 19.Ne6 Bxb2 20.Qxb2 Rfc8 21.Rae1 Bxe6 22.Rxe6 Rc7
23.Qe2 Rac8 24.Qe4 Rc1 25.Rxe7 Rxe1+ 26.Qxe1 Qxd5 27.Re8+ Rxe8  1/2-1/2

[Event "TCN Cup 3rd "]
[Site "Beijing"]
[Date "1997.??.??"]
[Round "5"]
[White "Pigusov, Evgeny"]
[Black "Zhang Zhong"]
[Result "1/2-1/2"]
[WhiteElo "2560"]
[BlackElo "2475"]

1.Nf3 f5 2.c4 Nf6 3.g3 g6 4.Bg2 Bg7 5.O-O O-O 6.d4 d6 7.Nc3 Qe8 8.Re1 Qf7
9.b3 Ne4 10.Bb2 Nc6 11.Rc1 e5 12.d5 Nxc3 13.Bxc3 Nb8 14.c5 Na6 15.b4 e4 16.Ng5 Qe7
17.Bxg7 Kxg7 18.Qd4+ Kg8 19.h4 h6 20.Nh3 dxc5 21.bxc5 Qg7 22.Qxg7+ Kxg7 23.f3 b6
24.cxb6 axb6 25.fxe4 fxe4 26.Nf2 Bf5 27.Bxe4 Nc5 28.Bxf5 Rxf5 29.Nd3 Rxd5
30.Nxc5 bxc5 31.Red1 Rxd1+ 32.Rxd1 Kf6 33.Rd7 Ra7 34.Kf2 Ke5 35.Ke1 c4 36.Rg7 Ra6
37.Rxc7 Kd4 38.g4 Rxa2 39.Rc6 c3 40.Kd1 Rd2+ 41.Kc1 Rxe2 42.Rxg6 Rg2  1/2-1/2

[Event "TCN Cup 3rd "]
[Site "Beijing"]
[Date "1997.??.??"]
[Round "9"]
[White "Alterman, Boris"]
[Black "Zhang Zhong"]
[Result "1/2-1/2"]
[WhiteElo "2615"]
[BlackElo "2475"]

1.d4 f5 2.Nf3 Nf6 3.g3 g6 4.Bg2 Bg7 5.O-O O-O 6.c4 d6 7.Nc3 Qe8 8.d5 Na6
9.Rb1 c5 10.dxc6 bxc6 11.b4 Bd7 12.b5 cxb5 13.cxb5 Nc5 14.a4 Rc8 15.Nd4 Nfe4
16.Nxe4 Nxe4 17.Bb2 Qf7 18.e3 Qa2 19.Nc6 Bxc6 20.Bxg7 Bxb5 21.axb5 Kxg7 22.Ra1 Qb2
23.Rxa7 Rf7 24.Qa1 Qxa1 25.Rfxa1 Rb8 26.Bf1 e6 27.Rxf7+ Kxf7 28.Ra7+ Kf6
29.Rc7 d5 30.Rc6 Nd2 31.Be2 Nc4 32.Rc5 h6 33.g4 fxg4 34.e4 Ke5 35.exd5 exd5
36.Bxc4 Kd4 37.Rxd5+ Kxc4 38.Rd6 Rxb5 39.Rxg6 h5 40.Rf6 Kd4 41.Kg2 Ke4 42.h3  1/2-1/2